logo

Bir Sreshtho Munshi Abdur Rouf Library
Jhenaidah Cadet College

Shorter encyclopaedia of Islam / (Record no. 10047)

MARC details
000 -LEADER
fixed length control field 00893cam a2200277 a 4500
001 - CONTROL NUMBER
JCCL Control Number 10047
003 - CONTROL NUMBER IDENTIFIER
JCCL marc code BD-JhCC
005 - DATE AND TIME OF LATEST TRANSACTION
control field 20180404192505.0
008 - FIXED-LENGTH DATA ELEMENTS--GENERAL INFORMATION
fixed length control field 180404r19911953ne a d 001 0 eng
020 ## - INTERNATIONAL STANDARD BOOK NUMBER
International Standard Book Number 9004006818
035 ## - SYSTEM CONTROL NUMBER
system control number (BD-JhCC)10047
040 ## - CATALOGING SOURCE
Original cataloging agency DLC
Transcribing agency DLC
Modifying agency DLC
-- BD-JhCC
041 ## - LANGUAGE CODE
Language code of Book eng
050 00 - LIBRARY OF CONGRESS CALL NUMBER
Classification number BP40
Item number .S465 1991
082 00 - DEWEY DECIMAL CLASSIFICATION NUMBER
Classification number 297/.03
DDC Edition number 20
Author mark and Year SHO 1991
245 00 - TITLE STATEMENT
Title Shorter encyclopaedia of Islam /
Statement of responsibility, etc edited on behalf of the Royal Netherlands Academy by H.A.R. Gibb and J.H. Kramers.
260 ## - PUBLICATION, DISTRIBUTION, ETC. (IMPRINT)
Place of publication, distribution, etc Leiden ;
-- New York :
Name of publisher, distributor, etc E.J. Brill,
Date of publication, distribution, etc 1991.
300 ## - PHYSICAL DESCRIPTION
Pagination viii, 671 p. :
Other physical details ill. ;
Dimensions 26 cm.
500 ## - GENERAL NOTE
General note Includes index.
500 ## - GENERAL NOTE
General note First published 1953.
650 #0 - SUBJECT ADDED ENTRY--TOPICAL TERM
Topical term or geographic name as entry element Islam
Form subdivision Dictionaries.
700 1# - ADDED ENTRY--PERSONAL NAME
Personal name Gibb, H. A. R.
Fuller form of name (Hamilton Alexander Rosskeen),
Dates associated with a name 1895-1971.
700 1# - ADDED ENTRY--PERSONAL NAME
Personal name Kramers, J. H.
Fuller form of name (Johannes Hendrik),
Dates associated with a name 1891-1951.
942 ## - ADDED ENTRY ELEMENTS (KOHA)
Source of classification or shelving scheme Dewey Decimal Classification
Koha item type Reference
Holdings
Source of classification or shelving scheme Damaged status Not for loan Home library Current library Shelving location Date of accession Total Checkouts Full call number Barcode Date last seen Copy number Koha item type
Dewey Decimal Classification     JCC Rouf Library JCC Rouf Library General Stacks 04/04/2018   297/.03 SHO 1991 13260 04/04/2018 C-1 Reference

JCC Library | Contacts | JCC Home

Last Update on 23 September 2017
Copyright @ 2017-2020 JCC Rouf Library
Rouf Library, Jhenidah Cadet College (JCC), Bangladesh